| 000 | 01084cam a22002651 4500 | ||
|---|---|---|---|
| 999 |
_c17734 _d17734 |
||
| 008 | 730821s1956 nyua b 000 0 eng | ||
| 050 | 0 | 0 |
_aQA3 _b.N48 1956 |
| 100 | 1 | _aNewman, James R. | |
| 245 | 1 | 4 |
_aThe world of mathematics: _ba small library of the literature of mathematics from Aʻh-mosé the scribe to Albert Einstein/ _cpresented with commentaries and notes by James R. Newman. |
| 260 |
_aNew York: _bSimon and Schuster, _c1956. |
||
| 300 |
_a4 v. xviii, 2535 p. : _bill. ; _c23 cm. |
||
| 440 |
_n4 v. _vvol 2 |
||
| 504 | _aBibliographical footnotes. | ||
| 650 | 0 | _aMathematics. | |
| 942 |
_2lcc _cBOOKS _hQA3 .N48 1956 |
||